[Event "FIDE Online Olympiad"]
[Site "Chess.com"]
[Date "2020.08.21"]
[EventDate "2020.08.21"]
[Round "2"]
[Result "1-0"]
[White "Pablo Ismael Acosta"]
[Black "Stelios Halkias"]
[WhiteElo "2377"]
[BlackElo "2576"]
[Source "Chess-Results"]
[PlyCount "113"]

1. c4 e6 2. g3 Nf6 3. Bg2 d5 4. Nf3 dxc4 5. Qa4+ Nbd7 6. Qxc4
a6 7. O-O b5 8. Qc6 Rb8 9. Qc2 Bb7 10. d3 c5 11. a4 Bd6
12. axb5 axb5 13. Nc3 Qb6 14. e4 O-O 15. h3 Rfc8 16. Be3 Ne5
17. Nxe5 Bxe5 18. Qb3 Bc6 19. Rfc1 Nd7 20. Ne2 h6 21. f4 Bf6
22. Kf2 e5 23. Bf3 Rd8 24. Rc2 b4 25. Bh5 Rf8 26. Bg4 Rfd8
27. Bxd7 Bxd7 28. Bxc5 Qb5 29. f5 Bc6 30. Nc1 Rd7 31. Be3 Be7
32. Qc4 Qxc4 33. Rxc4 Bb5 34. Rc2 Bxd3 35. Nxd3 Rxd3 36. Ra7
Bg5 37. Bxg5 hxg5 38. Re7 b3 39. Rcc7 Rf8 40. Rxe5 Rd2+
41. Kf3 Rxb2 42. Rb5 Rd8 43. Rc3 Rh2 44. Rcxb3 Rxh3 45. Kg4
Rh1 46. Kxg5 f6+ 47. Kg4 Kh7 48. Rb6 Rd4 49. Re6 Re1 50. Kf4
Rf1+ 51. Ke3 Rd7 52. Rb2 Re1+ 53. Kf4 Rf1+ 54. Kg4 Rh1 55. Ra2
Rb7 56. Re8 Re1 57. Rh2# 1-0

[Event "FIDE Online Olympiad"]
[Site "Chess.com"]
[Date "2020.08.21"]
[EventDate "2020.08.21"]
[Round "2"]
[Result "1-0"]
[White "Nikolas Theodorou"]
[Black "Lucas Coro"]
[WhiteElo "2559"]
[BlackElo "2021"]
[Source "Chess-Results"]
[PlyCount "75"]

1. d4 Nf6 2. c4 g6 3. Nc3 Bg7 4. e4 d6 5. f4 c5 6. d5 O-O
7. Nf3 e6 8. dxe6 fxe6 9. Bd3 Nc6 10. O-O b6 11. Bd2 Bb7
12. a3 Rc8 13. Qe2 a6 14. Rae1 Qc7 15. Kh1 Rce8 16. Bb1 Nh5
17. g3 Qd7 18. Qg2 Nd4 19. Bd3 Nb3 20. Be3 Bc6 21. Rd1 Nd4
22. Bb1 e5 23. fxe5 dxe5 24. Nd5 b5 25. Bd3 Kh8 26. b4 Qa7
27. Ng5 Nf6 28. Qh3 bxc4 29. Bxc4 Qd7 30. Qxd7 Nxd7 31. Nf7+
Kg8 32. Nd6 Rxf1+ 33. Rxf1 Rf8 34. Ne7+ Kh8 35. Rxf8+ Bxf8
36. Nf7+ Kg7 37. Bh6+ Kf6 38. Ng8# 1-0

[Event "FIDE Online Olympiad"]
[Site "Chess.com"]
[Date "2020.08.21"]
[EventDate "2020.08.21"]
[Round "2"]
[Result "1-0"]
[White "Tatev Abrahamyan"]
[Black "Gabriela Vargas"]
[WhiteElo "2358"]
[BlackElo "2105"]
[Source "Chess-Results"]
[PlyCount "45"]

1. e4 e6 2. d4 d5 3. Nc3 h6 4. Nf3 Nf6 5. Bd3 Bb4 6. exd5 exd5
7. O-O O-O 8. Ne5 Nbd7 9. Bf4 c6 10. Qf3 Re8 11. Rfe1 Nf8
12. Bxh6 gxh6 13. Qg3+ Ng4 14. Nxg4 Rxe1+ 15. Rxe1 Bxg4
16. Qxg4+ Qg5 17. Qh3 Ne6 18. Re3 Nf4 19. Qf3 Bxc3 20. bxc3
Kf8 21. Re5 Qh4 22. g3 Nh3+ 23. Kg2 1-0

[Event "FIDE Online Olympiad"]
[Site "Chess.com"]
[Date "2020.08.21"]
[EventDate "2020.08.21"]
[Round "2"]
[Result "1-0"]
[White "Olga Zimina"]
[Black "Juliana Sayumi Terao"]
[WhiteElo "2327"]
[BlackElo "2212"]
[Source "Chess-Results"]
[PlyCount "39"]

1. Nf3 Nf6 2. c4 e6 3. g3 d5 4. Bg2 dxc4 5. Qa4+ c6 6. Qxc4 b5
7. Qb3 Bb7 8. Ne5 Bd6 9. d4 Qb6 10. O-O O-O 11. Be3 Nd5
12. Bxd5 cxd5 13. Rd1 f6 14. Nd3 Nc6 15. Nc3 a6 16. Nxd5 exd5
17. Qxd5+ Kh8 18. Qxd6 Rad8 19. Qc5 Qc7 20. d5 1-0

[Event "FIDE Online Olympiad"]
[Site "Chess.com"]
[Date "2020.08.21"]
[EventDate "2020.08.21"]
[Round "2"]
[Result "1-0"]
[White "Luca Moroni Jr"]
[Black "Victor Labussiere"]
[WhiteElo "2519"]
[BlackElo "1940"]
[Source "Chess-Results"]
[PlyCount "119"]

1. d4 Nf6 2. c4 g6 3. Nc3 Bg7 4. e4 d6 5. Bd3 O-O 6. Nge2 e5
7. d5 a5 8. O-O Na6 9. f3 Nc5 10. Bc2 Ne8 11. Be3 f5 12. exf5
gxf5 13. f4 e4 14. Qd2 Kh8 15. Bd4 Bf6 16. Nd1 Bd7 17. Ne3 Ng7
18. Bxf6 Qxf6 19. Nd4 Nd3 20. Qc3 Nc5 21. Kh1 h5 22. b3 h4
23. a3 b6 24. b4 Nb7 25. Nb5 Qxc3 26. Nxc3 Kh7 27. g3 hxg3
28. hxg3 Kg6 29. Kg2 Kf7 30. Ba4 Bxa4 31. Nxa4 Ra6 32. Nc3
axb4 33. axb4 Rfa8 34. Rxa6 Rxa6 35. Nb5 Ra4 36. Rb1 Ra2+
37. Kh3 Re2 38. Rb3 Kg6 39. Nxc7 Nh5 40. Nb5 Nf6 41. Nd4 Rd2
42. Ndxf5 Rd3 43. Rb2 Ra3 44. Nc2 Ra8 45. Nfe3 Rh8+ 46. Kg2
Ra8 47. Rb3 Ra2 48. Ra3 Rb2 49. Kh3 Nd8 50. Ra7 Nf7 51. Nd4
Rxb4 52. f5+ Kg7 53. Ne6+ Kg8 54. Ra8+ Kh7 55. Rf8 Ne5
56. Rxf6 Nxc4 57. Ng5+ Kg7 58. Rf7+ Kg8 59. Ng4 e3 60. Nf6+
1-0

[Event "FIDE Online Olympiad"]
[Site "Chess.com"]
[Date "2020.08.21"]
[EventDate "2020.08.21"]
[Round "3"]
[Result "1-0"]
[White "Omar Almeida Quintana"]
[Black "Alexandr Hilario Takeda dos Santos Fier"]
[WhiteElo "2489"]
[BlackElo "2531"]
[Source "Chess-Results"]
[PlyCount "101"]

1. d4 Nf6 2. Nf3 e6 3. c4 c5 4. d5 exd5 5. cxd5 d6 6. Nc3 g6
7. e4 Bg7 8. h3 O-O 9. Bd3 b5 10. Nxb5 Re8 11. O-O Nxe4
12. Re1 a6 13. Qa4 Nd7 14. Rxe4 Rxe4 15. Qxe4 axb5 16. Bxb5
Nf6 17. Qh4 Qb6 18. a4 Nxd5 19. Bh6 Bxb2 20. Re1 Be6 21. Nd2
Bf6 22. Qg3 Ne7 23. Qf3 Nd5 24. Bc4 Bg7 25. Bxg7 Kxg7 26. Bxd5
Bxd5 27. Qxd5 Rxa4 28. Nc4 Qb4 29. Rc1 Qb3 30. h4 h5 31. g3
Rb4 32. Qe4 Qa2 33. Qd3 Qa6 34. Qxd6 Rxc4 35. Qxa6 Rxc1+
36. Kg2 Kg8 37. Qa3 Rc4 38. Kf3 Kg7 39. Qb3 Rg4 40. Qc3+ Kg8
41. Qxc5 Kg7 42. Qe5+ Kg8 43. Ke3 Rb4 44. f3 Rb3+ 45. Kf4 Rb4+
46. Kg5 Kh7 47. Kf6 Rb7 48. Qc5 Rb3 49. f4 Rb7 50. f5 Rd7
51. Qf8 1-0

[Event "FIDE Online Olympiad"]
[Site "Chess.com"]
[Date "2020.08.21"]
[EventDate "2020.08.21"]
[Round "3"]
[Result "1-0"]
[White "Oleiny Linares Napoles"]
[Black "Kathie Goulart Librelato"]
[WhiteElo "2215"]
[BlackElo "1966"]
[Source "Chess-Results"]
[PlyCount "95"]

1. c4 Nf6 2. Nc3 g6 3. g3 Bg7 4. Bg2 O-O 5. e4 d6 6. Nge2 c5
7. O-O Nc6 8. d3 Ne8 9. Be3 Nd4 10. Rb1 Nc7 11. a3 Nce6 12. b4
Rb8 13. Qd2 Nxe2+ 14. Nxe2 Nd4 15. f4 b6 16. f5 e5 17. Nxd4
cxd4 18. Bh6 f6 19. h4 Bd7 20. Rf2 b5 21. Bxg7 Kxg7 22. cxb5
Bxb5 23. Bh3 Rb7 24. Rc1 Rc7 25. Rff1 Rff7 26. fxg6 hxg6
27. Be6 Rxc1 28. Rxc1 Rc7 29. Rxc7+ Qxc7 30. Bb3 Qc3 31. Qxc3
dxc3 32. Bc2 f5 33. Kf2 Kf6 34. Ke3 Bc6 35. a4 d5 36. exd5
Bxd5 37. b5 g5 38. hxg5+ Kxg5 39. Bd1 Ba2 40. a5 Bb1 41. b6
axb6 42. axb6 Ba2 43. b7 f4+ 44. gxf4+ exf4+ 45. Kd4 f3
46. Kxc3 f2 47. Be2 Bd5 48. b8=Q 1-0

[Event "FIDE Online Olympiad"]
[Site "Chess.com"]
[Date "2020.08.21"]
[EventDate "2020.08.21"]
[Round "3"]
[Result "1-0"]
[White "Lucas Do Valle Cardoso"]
[Black "Jerzy Jesus Perez Leiva"]
[WhiteElo "1852"]
[BlackElo "2234"]
[Source "Chess-Results"]
[PlyCount "41"]

1. e4 c5 2. Nf3 d6 3. d4 cxd4 4. Nxd4 Nf6 5. Nc3 Nc6 6. Bc4 e6
7. Bb3 a6 8. f4 Be7 9. f5 Nxd4 10. Qxd4 O-O 11. O-O Qc7
12. Kh1 Bd7 13. Bg5 Rac8 14. Rae1 Qc5 15. Qd3 Rcd8 16. Qh3 Kh8
17. Rf4 exf5 18. exf5 Rfe8 19. Bxf7 Rf8 20. Bg6 Kg8 21. Ne4
1-0

[Event "FIDE Online Olympiad"]
[Site "Chess.com"]
[Date "2020.08.21"]
[EventDate "2020.08.21"]
[Round "3"]
[Result "1-0"]
[White "Roxangel Obregon Garcia"]
[Black "Isabella Ribeiro Conti De Freitas"]
[WhiteElo "2138"]
[BlackElo "1776"]
[Source "Chess-Results"]
[PlyCount "83"]

1. e4 c5 2. Nf3 e6 3. d4 cxd4 4. Nxd4 a6 5. Nc3 Qc7 6. Bd3 Nf6
7. O-O Be7 8. Qe2 d6 9. f4 Nbd7 10. Bd2 O-O 11. Kh1 b5
12. Rac1 Bb7 13. g4 Nc5 14. b4 Nxd3 15. cxd3 Qd8 16. g5 Ne8
17. f5 exf5 18. Nxf5 Bxg5 19. Rg1 Bxd2 20. Qxd2 Kh8 21. Qe2
Rc8 22. Nd5 Bxd5 23. exd5 Rxc1 24. Rxc1 Qg5 25. Rf1 g6 26. Ne3
Nc7 27. Qf3 f5 28. Ng2 Qf6 29. Rc1 Qf7 30. Nf4 Ne8 31. Ne6 Rg8
32. Qf4 Qf6 33. Re1 g5 34. Qf2 f4 35. d4 Qf5 36. Qf3 Ng7
37. Kg1 Nxe6 38. dxe6 g4 39. Qc3 g3 40. d5+ Rg7 41. hxg3 Qh3
42. e7 1-0

[Event "FIDE Online Olympiad"]
[Site "Chess.com"]
[Date "2020.08.21"]
[EventDate "2020.08.21"]
[Round "3"]
[Result "1-0"]
[White "Wesley So"]
[Black "Daniele Vocaturo"]
[WhiteElo "2741"]
[BlackElo "2584"]
[Source "Chess-Results"]
[PlyCount "91"]

1. e4 Nf6 2. e5 Nd5 3. d4 d6 4. Nf3 g6 5. Bc4 Nb6 6. Bb3 Bg7
7. Ng5 e6 8. Qf3 Qe7 9. Ne4 dxe5 10. Bg5 Qb4+ 11. c3 Qa5
12. Bf6 O-O 13. Bxg7 Kxg7 14. Qf6+ Kg8 15. Qxe5 Qxe5 16. dxe5
N8d7 17. f4 a5 18. Nbd2 a4 19. Bc2 Nd5 20. g3 b5 21. Kf2 Bb7
22. Rhe1 Ra6 23. Rad1 f6 24. exf6 e5 25. fxe5 Nxe5 26. Nc5
Ng4+ 27. Kg1 Nde3 28. Nxa6 Nxc2 29. Re6 Bc8 30. Rc6 Bb7
31. Rxc7 Bxa6 32. Ne4 Bc8 33. h3 Nge3 34. Rd2 Bxh3 35. Ng5
Rxf6 36. Rd8+ Rf8 37. Rxf8+ Kxf8 38. Nxh3 Nc4 39. Rxh7 Nxb2
40. Nf4 b4 41. cxb4 Nxb4 42. Rb7 N2d3 43. a3 Nxf4 44. Rxb4
Ne2+ 45. Kg2 Nc3 46. Rc4 1-0

[Event "FIDE Online Olympiad"]
[Site "Chess.com"]
[Date "2020.08.21"]
[EventDate "2020.08.21"]
[Round "3"]
[Result "1-0"]
[White "Jeffery Xiong"]
[Black "Francesco Sonis"]
[WhiteElo "2730"]
[BlackElo "2445"]
[Source "Chess-Results"]
[PlyCount "119"]

1. e4 c5 2. Nf3 e6 3. g3 d5 4. exd5 exd5 5. Bg2 Qe7+ 6. Kf1
Nc6 7. d4 Qd8 8. Nc3 Nf6 9. h3 Be7 10. Be3 cxd4 11. Nxd4 O-O
12. Kg1 Re8 13. Kh2 Ne5 14. Re1 Nc6 15. Qd2 Be6 16. Rad1 Bb4
17. a3 Ba5 18. Nb3 Ne4 19. Bxe4 dxe4 20. Qe2 Qc8 21. Nxa5 Nxa5
22. Nxe4 Nc4 23. Bd4 Bxh3 24. Qh5 Qg4 25. Qxh3 Rxe4 26. Qxg4
Rxg4 27. Bc3 Nb6 28. Re7 Na4 29. Bd4 b6 30. b3 Kf8 31. Rc7 Nc5
32. Bxc5+ bxc5 33. Rdd7 c4 34. Rxf7+ Kg8 35. Rxa7 Re8 36. Rae7
Rb8 37. Rb7 Re8 38. bxc4 Rc8 39. Rfc7 Rf8 40. Kg2 h5 41. a4 h4
42. a5 Ra8 43. Rb5 hxg3 44. fxg3 Rd4 45. Rg5 Kh8 46. Kh3 Ra6
47. Rd5 Re4 48. Rh5+ Kg8 49. Rg5 Kh8 50. Rgxg7 Rh6+ 51. Kg2
Rh2+ 52. Kf3 Rhe2 53. Rgd7 R4e3+ 54. Kg4 Re8 55. a6 R2e4+
56. Kh3 R4e6 57. a7 Rh6+ 58. Kg2 Rg6 59. Rb7 Rg7 60. Rb8 1-0

[Event "FIDE Online Olympiad"]
[Site "Chess.com"]
[Date "2020.08.21"]
[EventDate "2020.08.21"]
[Round "3"]
[Result "1-0"]
[White "Guillermo Vazquez"]
[Black "Pablo Ismael Acosta"]
[WhiteElo "2466"]
[BlackElo "2377"]
[Source "Chess-Results"]
[PlyCount "59"]

1. e4 c5 2. Nf3 e6 3. g3 Nc6 4. Bg2 Nf6 5. d3 Be7 6. O-O d5
7. Qe2 b6 8. e5 Nd7 9. c4 d4 10. h4 Bb7 11. Re1 h6 12. h5 Qc7
13. Na3 a6 14. Nc2 O-O-O 15. a3 Na5 16. b4 Nb3 17. Rb1 Nxc1
18. Rbxc1 Nb8 19. Rb1 Bc6 20. Rb2 Kd7 21. bxc5 bxc5 22. Reb1
Rc8 23. Nfxd4 Bxg2 24. Kxg2 Qa5 25. Rb7+ Rc7 26. Qe4 Rc8
27. Rxc7+ Rxc7 28. Rxb8 Qc3 29. Rb3 Qd2 30. Qe2 1-0

[Event "FIDE Online Olympiad"]
[Site "Chess.com"]
[Date "2020.08.21"]
[EventDate "2020.08.21"]
[Round "3"]
[Result "1-0"]
[White "Deysi Estela Cori Tello"]
[Black "Anna Burtasova"]
[WhiteElo "2340"]
[BlackElo "2265"]
[Source "Chess-Results"]
[PlyCount "99"]

1. d4 c5 2. e3 e6 3. Nf3 d5 4. b3 Nf6 5. Bb2 Bd6 6. Nbd2 O-O
7. Bd3 Nc6 8. a3 Re8 9. Ne5 Qc7 10. f4 a6 11. Qf3 Ne7 12. g4
Ng6 13. h4 cxd4 14. exd4 Bf8 15. h5 Ne7 16. g5 Nd7 17. Bxh7+
Kxh7 18. g6+ Kh8 19. gxf7 Nxe5 20. fxe8=Q Nxf3+ 21. Nxf3 Qxf4
22. O-O Ng8 23. Kf2 b6 24. Bc1 Qf5 25. Qg6 Qxg6 26. hxg6 Ne7
27. Ne5 Kg8 28. Rh1 Nf5 29. Nf7 Nh6 30. Nxh6+ gxh6 31. Bxh6
Bd6 32. Ke3 e5 33. Raf1 exd4+ 34. Kxd4 Bc5+ 35. Kd3 a5 36. Kd2
Be6 37. Bf4 Bd4 38. Be3 Bg7 39. Bxb6 a4 40. b4 Rc8 41. Bc5 d4
42. Rf4 Bd5 43. Rh5 Rd8 44. Bxd4 Ba2 45. c3 Bb1 46. Rh7 Be5
47. Rg4 Bxg6 48. Rh6 Kf7 49. Rhxg6 Bxd4 50. cxd4 1-0

[Event "FIDE Online Olympiad"]
[Site "Chess.com"]
[Date "2020.08.21"]
[EventDate "2020.08.21"]
[Round "3"]
[Result "1-0"]
[White "Svitlana Demchenko"]
[Black "Heidy Nicole Garcia Andrada"]
[WhiteElo "1523"]
[BlackElo "1671"]
[Source "Chess-Results"]
[PlyCount "107"]

1. e4 c5 2. Nf3 a6 3. d4 cxd4 4. Nxd4 Nf6 5. Bd3 e5 6. Nb3 d5
7. exd5 Nxd5 8. O-O Nc6 9. c3 Be6 10. Qe2 Qc7 11. a3 Nxc3
12. Nxc3 Bxb3 13. Be3 Be7 14. Qg4 g6 15. f4 f5 16. Qe2 O-O-O
17. Rac1 Qd7 18. Bc2 Bxc2 19. Qxc2 exf4 20. Bxf4 Qd4+ 21. Kh1
Bd6 22. Bxd6 Qxd6 23. b4 Kb8 24. Qa4 Nd4 25. Rfd1 Qc6 26. Qa5
Rd7 27. Rxd4 Rxd4 28. Qe5+ Qd6 29. Qxh8+ Ka7 30. Ne2 Rd2
31. Ng1 Qd5 32. Nf3 Rd3 33. Qe5 Qb3 34. Qc5+ Kb8 35. Re1 Rd8
36. Ne5 Qxa3 37. Nd7+ Ka8 38. Nb6+ Kb8 39. Nd5 Rc8 40. Qd6+
Ka7 41. Qb6+ Kb8 42. Ne7 Qc3 43. Qd6+ Ka7 44. Rd1 Rc4 45. h3
Qxb4 46. Nc8+ Ka8 47. Nb6+ Ka7 48. Nxc4 Qxc4 49. Qd2 Qb3
50. Qd4+ Kb8 51. Re1 Kc7 52. Qc5+ Kd8 53. Qd6+ Kc8 54. Re8#
1-0

[Event "FIDE Online Olympiad"]
[Site "Chess.com"]
[Date "2020.08.22"]
[EventDate "2020.08.21"]
[Round "4"]
[Result "1-0"]
[White "Alexey Shirov"]
[Black "Benjamin Bok"]
[WhiteElo "2629"]
[BlackElo "2626"]
[Source "Chess-Results"]
[PlyCount "125"]

1. d4 Nf6 2. c4 e6 3. Nf3 d5 4. Nc3 Bb4 5. Qa4+ Nc6 6. e3 O-O
7. Qc2 Re8 8. a3 Bf8 9. Bd3 h6 10. b4 e5 11. cxd5 Nxd4
12. exd4 e4 13. Nxe4 Nxe4 14. Bxe4 f5 15. Ne5 fxe4 16. Qxe4 b6
17. O-O Bb7 18. Qg4 Qxd5 19. Bxh6 c5 20. bxc5 bxc5 21. Nd7
Qxd4 22. Qxd4 cxd4 23. Nxf8 Kxf8 24. Bd2 Ba6 25. Rfe1 Rac8
26. Bb4+ Kf7 27. Rxe8 Rxe8 28. Re1 Rxe1+ 29. Bxe1 Ke6 30. Bb4
Kd5 31. f3 Bb5 32. Kf2 a6 33. h4 g6 34. g4 Ke5 35. Bf8 Ba4
36. Bg7+ Kd5 37. Kg3 Bd1 38. Kf4 Be2 39. h5 gxh5 40. gxh5 Bd3
41. Kg5 Ke6 42. Bxd4 Bb1 43. Kf4 Bc2 44. Bc5 Kf6 45. h6 Bb1
46. Ke3 Kg6 47. Bf8 Kf7 48. Bg7 a5 49. Kd4 a4 50. Ke5 Bc2
51. f4 Kg6 52. Ke6 Bb1 53. Bf8 Bc2 54. Bg7 Bb1 55. Kd5 Bc2
56. Kc4 Kf7 57. Kb4 Kg6 58. f5+ Kf7 59. Bd4 Kg8 60. f6 Kf7
61. Kb5 Kg6 62. h7 Kxh7 63. f7 1-0

[Event "FIDE Online Olympiad"]
[Site "Chess.com"]
[Date "2020.08.22"]
[EventDate "2020.08.21"]
[Round "4"]
[Result "1-0"]
[White "Zhaoqin Peng"]
[Black "Ana Matnadze"]
[WhiteElo "2358"]
[BlackElo "2361"]
[Source "Chess-Results"]
[PlyCount "113"]

1. d4 Nf6 2. c4 e6 3. Nf3 b6 4. g3 Bb7 5. Bg2 g6 6. O-O Bg7
7. Nc3 O-O 8. d5 exd5 9. cxd5 Re8 10. Nd4 Na6 11. Bf4 Nh5
12. Be3 h6 13. Qd2 Kh7 14. Rad1 Nf6 15. Ndb5 d6 16. Rc1 Ng4
17. Bd4 Ne5 18. e4 Nc5 19. b4 Na6 20. a3 h5 21. f4 Ng4 22. h3
Nh6 23. Bxg7 Kxg7 24. Ne2 Qd7 25. Ned4 Kh7 26. Rc3 Re7
27. Rfc1 Rae8 28. Qd3 Ng8 29. Nc6 Bxc6 30. dxc6 Qd8 31. Nxa7
Nb8 32. Rd1 Re6 33. Nb5 Ne7 34. Nd4 Rf6 35. b5 h4 36. Nf3 hxg3
37. Ng5+ Kg7 38. Qd4 Ng8 39. e5 Rf5 40. exd6+ f6 41. d7 Re7
42. Rxg3 Rxb5 43. Bd5 Rxd5 44. Qxd5 fxg5 45. fxg5 Rf7 46. Qe5+
Kf8 47. Re1 Nxd7 48. cxd7 Qxd7 49. Rge3 Qd2 50. Qg3 Ne7
51. Rd3 Qb2 52. Qe3 Nf5 53. Rd8+ Kg7 54. Qe8 Qf2+ 55. Kxf2
Nd6+ 56. Kg3 Nxe8 57. Rexe8 1-0

[Event "FIDE Online Olympiad"]
[Site "Chess.com"]
[Date "2020.08.22"]
[EventDate "2020.08.21"]
[Round "4"]
[Result "1-0"]
[White "Sabrina Vega Gutierrez"]
[Black "Anne Haast"]
[WhiteElo "2243"]
[BlackElo "2318"]
[Source "Chess-Results"]
[PlyCount "115"]

1. e4 c5 2. Nf3 e6 3. d4 cxd4 4. Nxd4 Nc6 5. Nc3 Qc7 6. Be3 a6
7. f4 b5 8. Bd3 Bb7 9. Nb3 d6 10. Qf3 Nf6 11. O-O-O Be7 12. g4
Nd7 13. g5 Nc5 14. Kb1 b4 15. Ne2 O-O-O 16. Ned4 Kb8 17. Nxc6+
Bxc6 18. Nxc5 dxc5 19. Bxa6 Qa7 20. Bd3 Qb7 21. Qf2 c4
22. Bxc4 Bxe4 23. Rhe1 Rc8 24. Bb3 Qc6 25. Bd4 f6 26. gxf6
gxf6 27. Rd2 Rhg8 28. Qe3 f5 29. Ka1 Rg6 30. Rc1 Rcg8 31. c3
Qb7 32. Bc5 bxc3 33. Qxc3 Rc8 34. Ba7+ Kxa7 35. Qxc8 Qxc8
36. Rxc8 Rg1+ 37. Rd1 Rxd1+ 38. Bxd1 Bd6 39. Rh8 Bxf4
40. Rxh7+ Kb6 41. h4 Be3 42. h5 f4 43. Re7 Bf5 44. h6 Bd4
45. h7 Kc5 46. Re8 Bxh7 47. Rxe6 Bg8 48. Re8 Bd5 49. Kb1 f3
50. Rf8 Bg7 51. Rf5 Kd6 52. Bxf3 Bc4 53. Be4 Bd4 54. b3 Be6
55. Rh5 Kc7 56. Kc2 Kb8 57. Kd3 Bb2 58. Rh7 1-0

[Event "FIDE Online Olympiad"]
[Site "Chess.com"]
[Date "2020.08.22"]
[EventDate "2020.08.21"]
[Round "4"]
[Result "1-0"]
[White "Max Warmerdam"]
[Black "Lance Henderson de La Fuente"]
[WhiteElo "2412"]
[BlackElo "2177"]
[Source "Chess-Results"]
[PlyCount "93"]

1. e4 e5 2. Nf3 Nc6 3. d4 exd4 4. Nxd4 Nf6 5. Nxc6 bxc6 6. e5
Qe7 7. Qe2 Nd5 8. c4 Nb6 9. Nc3 Qe6 10. Qe4 g6 11. Bd3 Bg7
12. f4 O-O 13. O-O d6 14. c5 Nd5 15. cxd6 cxd6 16. Qe2 dxe5
17. f5 Qe7 18. Bd2 Rb8 19. Rab1 Re8 20. Qf2 e4 21. Bxe4 Nxc3
22. Bxc3 Bxc3 23. bxc3 Ba6 24. Rxb8 Rxb8 25. Rb1 Re8 26. Bxc6
Rc8 27. Re1 Qf6 28. Bd5 Rc7 29. fxg6 Qxf2+ 30. Kxf2 hxg6
31. Rc1 Bc4 32. Bxc4 Rxc4 33. Ke3 Kf8 34. Kd3 Ra4 35. Rc2 Ke7
36. c4 Kd6 37. Kd4 f5 38. Re2 a5 39. Rd2 Kc6 40. Rb2 Ra3
41. Re2 Kd6 42. Rf2 Ra4 43. Re2 g5 44. Rf2 f4 45. Rc2 Ra3
46. Ke4 Rf3 47. gxf3 1-0

[Event "FIDE Online Olympiad"]
[Site "Chess.com"]
[Date "2020.08.22"]
[EventDate "2020.08.21"]
[Round "4"]
[Result "1-0"]
[White "Marta Garcia Martin"]
[Black "Eline Roebers"]
[WhiteElo "2097"]
[BlackElo "2066"]
[Source "Chess-Results"]
[PlyCount "89"]

1. e4 c5 2. Nf3 e6 3. d4 cxd4 4. Nxd4 Nc6 5. Nc3 Qc7 6. Be3 a6
7. Bd3 Nf6 8. O-O b5 9. Nxc6 dxc6 10. a4 Bb7 11. Qe2 Bd6
12. f4 e5 13. f5 h5 14. h3 h4 15. Rfd1 Be7 16. Nb1 Rd8 17. Nd2
Nh5 18. Qf2 Rd7 19. Nb3 Ng3 20. Nc5 Bxc5 21. Bxc5 Rh6 22. Kh2
g6 23. Be3 Rh7 24. f6 c5 25. Bxc5 Bxe4 26. Kg1 Bxd3 27. Rxd3
Rxd3 28. cxd3 Rh5 29. axb5 Rf5 30. Qe3 Qb7 31. b6 e4 32. d4
Rxf6 33. Re1 Re6 34. Qh6 Kd7 35. Qxh4 Nf5 36. Qh7 Kc6 37. Qg8
e3 38. Qf8 e2 39. Kf2 Kb5 40. Qd8 a5 41. b3 Qe4 42. d5 Qf4+
43. Kg1 Re4 44. Bf2 Ne3 45. b7 1-0

[Event "FIDE Online Olympiad"]
[Site "Chess.com"]
[Date "2020.08.22"]
[EventDate "2020.08.21"]
[Round "4"]
[Result "1-0"]
[White "Frode Olav Olsen Urkedal"]
[Black "Rinat Jumabayev"]
[WhiteElo "2491"]
[BlackElo "2562"]
[Source "Chess-Results"]
[PlyCount "99"]

1. d4 Nf6 2. c4 e6 3. Nf3 d5 4. Nc3 Bb4 5. cxd5 exd5 6. Bg5 h6
7. Bh4 Bf5 8. e3 g5 9. Bg3 Ne4 10. Qb3 Nc6 11. Ne5 Bxc3+
12. bxc3 Na5 13. Qb4 c6 14. Be2 h5 15. f3 Nxg3 16. hxg3 f6
17. g4 Bh7 18. Rxh5 fxe5 19. dxe5 Qc7 20. Kf2 O-O-O 21. Rah1
c5 22. Qa3 b6 23. Ba6+ Kb8 24. Rxg5 Nc6 25. f4 Be4 26. Rhh5
Rhf8 27. Kg3 d4 28. cxd4 cxd4 29. Qa4 Qe7 30. Rh6 Nb4 31. exd4
Rxd4 32. Be2 Bb7 33. Rf5 Rc8 34. Qb3 Qc5 35. Rf7 Bd5 36. Rhh7
Qc3+ 37. Qxc3 Rxc3+ 38. Bf3 Bxf7 39. Rxf7 Nxa2 40. e6 Re3
41. e7 Rc4 42. f5 Nb4 43. f6 Nd5 44. g5 Rc8 45. Kf2 Rc2+
46. Kg3 Rc8 47. Kg4 Nc7 48. Rf8 a5 49. Rxc8+ Kxc8 50. f7 1-0

[Event "FIDE Online Olympiad"]
[Site "Chess.com"]
[Date "2020.08.22"]
[EventDate "2020.08.21"]
[Round "4"]
[Result "1-0"]
[White "Murtas Muratovich Kazhgaleyev"]
[Black "Kjetil A Lie"]
[WhiteElo "2496"]
[BlackElo "2467"]
[Source "Chess-Results"]
[PlyCount "89"]

1. d4 d6 2. e4 Nf6 3. Nc3 g6 4. g3 Bg7 5. Bg2 O-O 6. h3 e5
7. Nge2 exd4 8. Nxd4 Nc6 9. Be3 Nxd4 10. Bxd4 Bd7 11. O-O c5
12. Be3 Bc6 13. e5 dxe5 14. Bxc6 bxc6 15. Bxc5 Re8 16. Qxd8
Rexd8 17. Rfd1 Nd5 18. Na4 Rdb8 19. b3 e4 20. Bd4 Nb4 21. Bxg7
Kxg7 22. a3 Nd5 23. Nc5 Re8 24. c4 Nb6 25. Rd6 e3 26. Re1
exf2+ 27. Kxf2 Rxe1 28. Kxe1 Rc8 29. a4 Rc7 30. a5 Nc8 31. Rd8
Ne7 32. Kf2 h5 33. a6 Kf6 34. Kf3 Nf5 35. g4 hxg4+ 36. hxg4
Ke7 37. Rb8 Nd6 38. Ra8 f5 39. g5 Nc8 40. Nd3 Kd6 41. Nf4 Ne7
42. Rf8 Ke5 43. Ke3 c5 44. Rf6 Rc6 45. Nd3# 1-0

[Event "FIDE Online Olympiad"]
[Site "Chess.com"]
[Date "2020.08.22"]
[EventDate "2020.08.21"]
[Round "4"]
[Result "1-0"]
[White "Guliskhan Nakhbayeva"]
[Black "Edit Machlik"]
[WhiteElo "2270"]
[BlackElo "1942"]
[Source "Chess-Results"]
[PlyCount "93"]

1. d4 Nf6 2. c4 e6 3. Nc3 Bb4 4. e3 O-O 5. Bd3 c5 6. Ne2 d5
7. O-O cxd4 8. exd4 dxc4 9. Bxc4 Nbd7 10. Bg5 Be7 11. Rc1 b6
12. Qd3 Bb7 13. Rfd1 Rc8 14. f3 Nd5 15. Bxe7 Qxe7 16. Nxd5
Bxd5 17. Ba6 Rxc1 18. Rxc1 Qd6 19. Nc3 Nf6 20. a3 Qf4 21. Ne2
Qd6 22. Qc3 Ba8 23. Qc7 Qd5 24. Qxa7 Qg5 25. Kh1 Qe3 26. Qc7
Nd5 27. Qc2 h5 28. h3 Qg5 29. Nc3 Nf4 30. Ne4 Qg6 31. Qd2 Nd5
32. Bd3 f5 33. Nc3 Nf6 34. Bc4 Re8 35. Re1 Nh7 36. Nb5 Re7
37. d5 Ng5 38. dxe6 Bxf3 39. gxf3 Nxf3 40. Qd8+ Re8 41. e7+
Kh7 42. Rd1 Qg3 43. Bg8+ Rxg8 44. Qxg8+ Kxg8 45. e8=Q+ Kh7
46. Qxh5+ Kg8 47. Rd8# 1-0

[Event "FIDE Online Olympiad"]
[Site "Chess.com"]
[Date "2020.08.22"]
[EventDate "2020.08.21"]
[Round "4"]
[Result "1-0"]
[White "Marc Andria Maurizzi"]
[Black "Viktor Gazik"]
[WhiteElo "2186"]
[BlackElo "2438"]
[Source "Chess-Results"]
[PlyCount "133"]

1. e4 c5 2. Nf3 d6 3. Nc3 Nf6 4. e5 dxe5 5. Nxe5 a6 6. g3 e6
7. Bg2 Ra7 8. O-O Be7 9. d3 O-O 10. Bf4 Nbd7 11. Nc4 Nb6
12. Bb8 Ra8 13. Be5 Nbd5 14. a4 Nxc3 15. bxc3 Nd5 16. Qd2 Bd7
17. Bd6 Bxd6 18. Nxd6 Qc7 19. Ne4 a5 20. c4 Ne7 21. Qg5 Nf5
22. Nf6+ Kh8 23. Nxd7 Qxd7 24. Rfb1 Ra6 25. Rxb7 Qd4 26. Rab1
h6 27. Qd2 Nd6 28. Rd7 Qe5 29. Re1 Qb2 30. g4 Ne8 31. Rb7 Qa3
32. Rb8 Qxa4 33. g5 hxg5 34. Qxg5 Kg8 35. Qe7 e5 36. Rxe5 Ra7
37. Qxc5 Rc7 38. Qe3 Nf6 39. Rxf8+ Kxf8 40. Qe2 Qa1+ 41. Qe1
Qa2 42. Qxa5 Qb1+ 43. Bf1 Rc8 44. Qa6 Rd8 45. Re3 Qxc2 46. Qb6
Rc8 47. Rg3 Qc3 48. Qb7 Re8 49. Kg2 g6 50. Rf3 Kg7 51. Qb6 Re1
52. Re3 Ra1 53. Rf3 Ng4 54. Qc7 Nh6 55. Qe7 Qc1 56. Qe5+ Kh7
57. Qe2 Nf5 58. Rxf5 gxf5 59. Qh5+ Kg7 60. Qe2 Qg5+ 61. Kh1
Kg6 62. h3 Qc1 63. Kg2 Qg5+ 64. Kh2 Qf4+ 65. Kg2 Rc1 66. Qe3
Qb8 67. Qxc1 1-0

[Event "FIDE Online Olympiad"]
[Site "Chess.com"]
[Date "2020.08.22"]
[EventDate "2020.08.21"]
[Round "4"]
[Result "1-0"]
[White "Veronika Maslikova"]
[Black "Solenn Afraoui"]
[WhiteElo "2230"]
[BlackElo "1823"]
[Source "Chess-Results"]
[PlyCount "79"]

1. e4 c5 2. Nf3 d6 3. Bb5+ Nd7 4. O-O a6 5. Bxd7+ Bxd7 6. d4
cxd4 7. Qxd4 e5 8. Qd3 h6 9. Nc3 Nf6 10. Nd2 b5 11. a3 Be7
12. Rd1 O-O 13. Nf1 Be6 14. Ne3 Rc8 15. Ncd5 Bxd5 16. exd5 g6
17. c3 Rc5 18. f3 Re8 19. a4 Qd7 20. axb5 axb5 21. b4 Rc7
22. Ra5 Rec8 23. Bb2 Rb7 24. Rda1 Bd8 25. Ra8 Bb6 26. Kh1 Kg7
27. Rxc8 Qxc8 28. Nc2 Qc4 29. Qxc4 bxc4 30. Na3 Rc7 31. Rd1
Ba7 32. Nb5 Rd7 33. Na3 Bb6 34. Nxc4 Ba7 35. Na3 Rc7 36. Nb5
Rb7 37. Nxd6 Rd7 38. Nb5 Be3 39. c4 e4 40. fxe4 1-0